[Event "GER-chT U16"]
[Site "Naumburg"]
[Date "2010.12.30"]
[Round "7.2"]
[White "Kazman, Caner"]
[Black "Fornoff, Robin"]
[Result "1-0"]
[WhiteElo "1781"]
[BlackElo "1663"]
[PlyCount "51"]
[EventDate "2010.12.27"]
[EventType "team-swiss"]
[EventRounds "7"]
[EventCountry "GER"]
[SourceTitle "CBM 140 Extra"]
[Source "ChessBase"]
[SourceDate "2011.03.01"]
[SourceVersion "1"]
[SourceVersionDate "2011.03.01"]
[SourceQuality "1"]
[WhiteTeam "Berlin Empor"]
[BlackTeam "Gernsheim"]
[WhiteTeamCountry "GER"]
[BlackTeamCountry "GER"]

1. d4 d5 2. c4 dxc4 3. Nc3 e5 4. e3 exd4 5. exd4 g6 6. Bxc4 Bg7 7. Nf3 Ne7 8. 0-0 h6 9. Bf4 0-0 10. Be5 Nd7 11. Re1 Nxe5 12. Nxe5 c6 13. Qe2 Nd5 14. Bxd5 cxd5 15. Qb5 a6 16. Qxd5 Qb6 17. Na4 Qe6 18. Qxe6 Bxe6 19. Nc5 Bd5 20. Ncd7 Rfd8 21. Nb6 Rab8 22. Ned7 Bxd4 23. Nxb8 Bxb6 24. Red1 Bc7 25. Rac1 Bxb8 26. Rc5 1-0

[Event "GER-chT U16"]
[Site "Naumburg"]
[Date "2010.12.28"]
[Round "3.2"]
[White "Kazman, Caner"]
[Black "Franke, Oliver"]
[Result "1-0"]
[WhiteElo "1781"]
[BlackElo "1485"]
[PlyCount "91"]
[EventDate "2010.12.27"]
[EventType "team-swiss"]
[EventRounds "7"]
[EventCountry "GER"]
[SourceTitle "CBM 140 Extra"]
[Source "ChessBase"]
[SourceDate "2011.03.01"]
[SourceVersion "1"]
[SourceVersionDate "2011.03.01"]
[SourceQuality "1"]
[WhiteTeam "Berlin Empor"]
[BlackTeam "Naumburg"]
[WhiteTeamCountry "GER"]
[BlackTeamCountry "GER"]

1. d4 Nf6 2. c4 e6 3. Nf3 d5 4. Nc3 Be7 5. Bg5 Nbd7 6. e3 c6 7. Bd3 dxc4 8. Bxc4 b5 9. Bb3 Bb7 10. Bc2 Rc8 11. 0-0 a6 12. e4 0-0 13. e5 Nd5 14. Bxe7 Nxe7 15. Ne4 h6 16. Nd6 Rc7 17. Qd3 g6 18. Nd2 Nf5 19. N2e4 Qe7 20. Nxf5 exf5 21. Nd6 c5 22. Nxb7 Rxb7 23. f4 Rc7 24. d5 c4 25. Qd4 Qc5 26. Rad1 Re8 27. Rfe1 Qxd4+ 28. Rxd4 Nc5 29. Re3 Rd7 30. Bd1 Ne6 31. Rd2 Nxf4 32. Bf3 f6 33. e6 Nxe6 34. Rde2 Rd6 35. Rxe6 Rdxe6 36. dxe6 Kf8 37. Bc6 Re7 38. Bd7 f4 39. Rd2 f5 40. Rd6 a5 41. Rd5 b4 42. Rxa5 c3 43. bxc3 bxc3 44. Rc5 Rxd7 45. exd7 Ke7 46. Rxc3 1-0

[Event "Berlin Lichtenberger op 8th"]
[Site "Berlin"]
[Date "2009.08.21"]
[Round "7"]
[White "Kazman, Caner"]
[Black "Krajewski, Wolfgang"]
[Result "1/2-1/2"]
[WhiteElo "1941"]
[BlackElo "2131"]
[PlyCount "57"]
[EventDate "2009.08.15"]
[EventType "swiss"]
[EventRounds "9"]
[EventCountry "GER"]
[SourceTitle "CBM 131 Extra"]
[Source "ChessBase"]
[SourceDate "2009.09.03"]
[SourceVersion "2"]
[SourceVersionDate "2009.09.16"]
[SourceQuality "1"]

1. d4 d5 2. c4 c6 3. Nc3 Nf6 4. Nf3 dxc4 5. e3 Bg4 6. Bxc4 e6 7. h3 Bh5 8. Bd2 Nbd7 9. Be2 Be7 10. 0-0 0-0 11. a3 c5 12. Rc1 cxd4 13. Nxd4 Bg6 14. Nf3 Nc5 15. b4 Nce4 16. Nxe4 Nxe4 17. Bc3 Nxc3 18. Rxc3 Rc8 19. Qxd8 Rfxd8 20. Rfc1 Rxc3 21. Rxc3 Bd6 22. Kf1 Bb8 23. g4 Kf8 24. Nh4 Bb1 25. Rc1 Ba2 26. Nf3 Ke7 27. Ke1 f5 28. Nd2 Be5 29. f4 1/2-1/2

[Event "Berlin Lichtenberger op 8th"]
[Site "Berlin"]
[Date "2009.08.18"]
[Round "4"]
[White "Wendland, Frank"]
[Black "Kazman, Caner"]
[Result "1-0"]
[WhiteElo "1756"]
[BlackElo "1941"]
[PlyCount "67"]
[EventDate "2009.08.15"]
[EventType "swiss"]
[EventRounds "9"]
[EventCountry "GER"]
[SourceTitle "CBM 131 Extra"]
[Source "ChessBase"]
[SourceDate "2009.09.03"]
[SourceVersion "2"]
[SourceVersionDate "2009.09.16"]
[SourceQuality "1"]

1. e4 b6 2. d4 Bb7 3. Nc3 e6 4. Nf3 Bb4 5. Bd3 Nf6 6. e5 Ne4 7. Bd2 Nxd2 8. Nxd2 Qg5 9. Qe2 Bxc3 10. bxc3 Qxg2 11. 0-0-0 Qg5 12. Rhg1 Qh6 13. Rg3 Nc6 14. Rdg1 g6 15. Kb1 0-0-0 16. Ne4 Ne7 17. Ng5 Nd5 18. Qe1 Qg7 19. c4 Ne7 20. Be4 Nf5 21. Ra3 Kb8 22. Bxb7 Kxb7 23. Qe4+ Kb8 24. c5 a5 25. cxb6 cxb6 26. Ka1 Rc8 27. Rb1 Kc7 28. Rc3+ Kd8 29. Rxc8+ Kxc8 30. Qa8+ Kc7 31. Qa7+ Kd8 32. Qxb6+ Ke8 33. Qxa5 d6 34. Rb8+ 1-0

[Event "Berlin Lichtenberger op 8th"]
[Site "Berlin"]
[Date "2009.08.16"]
[Round "2"]
[White "Theilig, Reinhard"]
[Black "Kazman, Caner"]
[Result "1-0"]
[WhiteElo "1559"]
[BlackElo "1941"]
[PlyCount "70"]
[EventDate "2009.08.15"]
[EventType "swiss"]
[EventRounds "9"]
[EventCountry "GER"]
[SourceTitle "CBM 131 Extra"]
[Source "ChessBase"]
[SourceDate "2009.09.03"]
[SourceVersion "2"]
[SourceVersionDate "2009.09.16"]
[SourceQuality "1"]

1. Nf3 c5 2. c4 Nf6 3. g3 d5 4. cxd5 Nxd5 5. Bg2 Nc6 6. 0-0 e5 7. d3 Be7 8. Nc3 Be6 9. a3 0-0 10. Re1 a6 11. Qc2 b5 12. Ne4 Nd4 13. Nxd4 cxd4 14. b4 Rc8 15. Qd2 h6 16. e3 f5 17. Nc5 Bxc5 18. bxc5 dxe3 19. fxe3 Rxc5 20. d4 exd4 21. Qxd4 Rc4 22. Qe5 Qf6 23. Bb2 Qxe5 24. Bxe5 Re8 25. Rad1 Nc3 26. Rd6 Bc8 27. Bd4 Ne4 28. Rg6 Re7 29. Rf1 Be6 30. Bh3 Nd2 31. Rf2 Rc1+ 32. Bf1 Nxf1 33. Rxf1 Rxf1+ 34. Kxf1 Kh7 35. Bc5 Re8 1-0

[Event "GER North-chT U16"]
[Site "Magdeburg"]
[Date "2006.08.27"]
[Round "4.3"]
[White "Galkin, Wladislaw"]
[Black "Kazman, Caner"]
[Result "1-0"]
[WhiteElo "1544"]
[BlackElo "1332"]
[PlyCount "69"]
[EventDate "2006.08.26"]
[EventType "team"]
[EventRounds "7"]
[EventCountry "GER"]
[SourceTitle "EXT 2007"]
[Source "ChessBase"]
[SourceDate "2006.11.23"]
[SourceVersion "1"]
[SourceVersionDate "2006.11.23"]
[SourceQuality "1"]

1. d4 d5 2. c4 e6 3. Nc3 Nf6 4. Bg5 Nbd7 5. e3 Be7 6. Nf3 0-0 7. Bd3 c6 8. Qc2 h6 9. Bh4 c5 10. 0-0 Nb6 11. cxd5 Nfxd5 12. Bxe7 Qxe7 13. Nxd5 Nxd5 14. Qxc5 Qxc5 15. dxc5 Bd7 16. a3 Rac8 17. Rac1 f6 18. Be4 f5 19. Bxd5 exd5 20. Rfd1 Be6 21. Nd4 Rf6 22. Nxe6 Rxe6 23. Rxd5 g6 24. Rd7 b6 25. Rxa7 bxc5 26. g3 Rd6 27. b4 c4 28. Rc3 Kf8 29. Rh7 h5 30. Rh8+ Ke7 31. Rxc8 g5 32. R8xc4 Ke6 33. Rc6 Rxc6 34. Rxc6+ Ke5 35. b5 1-0

[Event "Berlin op 01"]
[Site "Berlin"]
[Date "2006.01.30"]
[Round "3"]
[White "Kazman, Caner"]
[Black "Tscheuschner, Georg"]
[Result "0-1"]
[WhiteElo "1325"]
[BlackElo "1277"]
[PlyCount "134"]
[EventDate "2006.01.29"]
[EventType "swiss"]
[EventRounds "9"]
[EventCountry "GER"]
[SourceTitle "EXT 2007"]
[Source "ChessBase"]
[SourceDate "2006.11.23"]
[SourceVersion "1"]
[SourceVersionDate "2006.11.23"]
[SourceQuality "1"]

1. e4 c5 2. Nf3 e6 3. d4 cxd4 4. Nxd4 Nf6 5. Nc3 a6 6. Bg5 Be7 7. e5 Nd5 8. Bxe7 Nxe7 9. Ne4 Qa5+ 10. c3 Qxe5 11. Qe2 d5 12. Nd2 Qc7 13. Qf3 0-0 14. Be2 Bd7 15. h4 e5 16. Qg3 f6 17. h5 Nf5 18. Nxf5 Bxf5 19. h6 g6 20. Nf3 Nc6 21. Nh4 Ne7 22. Bf3 Kh8 23. 0-0 Rg8 24. Rfd1 Rad8 25. Nxf5 Nxf5 26. Qh3 Qf7 27. Bg4 Qe6 28. Rd3 e4 29. Re1 Qe5 30. Rdd1 Ne7 31. Qe3 f5 32. Be2 Nc6 33. Qb6 Qe7 34. Bxa6 bxa6 35. Qxc6 Qd6 36. Qxd6 Rxd6 37. f3 Re8 38. Kf2 Rdd8 39. b4 Kg8 40. a4 Rc8 41. Rc1 f4 42. g3 g5 43. gxf4 gxf4 44. Rg1+ Kh8 45. Rg5 e3+ 46. Ke2 Rg8 47. Rcg1 Rxg5 48. Rxg5 Rxc3 49. Rxd5 Kg8 50. Rd4 Ra3 51. a5 Ra2+ 52. Ke1 Ra1+ 53. Rd1 Ra4 54. Rb1 Kf7 55. Ke2 Ke6 56. Kd3 Kd5 57. Kc3 Ra3+ 58. Kc2 Kc4 59. Kd1 Kd3 60. Ke1 Ra2 61. Kf1 Rh2 62. Kg1 Rxh6 63. Kg2 Rg6+ 64. Kh3 e2 65. Ra1 Kd2 66. Ra2+ Ke1 67. b5 Kf1 0-1

[Event "Berlin op 01"]
[Site "Berlin"]
[Date "2006.01.30"]
[Round "2"]
[White "Kropman, Alexei"]
[Black "Kazman, Caner"]
[Result "1-0"]
[WhiteElo "1381"]
[BlackElo "1325"]
[PlyCount "73"]
[EventDate "2006.01.29"]
[EventType "swiss"]
[EventRounds "9"]
[EventCountry "GER"]
[SourceTitle "EXT 2007"]
[Source "ChessBase"]
[SourceDate "2006.11.23"]
[SourceVersion "1"]
[SourceVersionDate "2006.11.23"]
[SourceQuality "1"]

1. c4 e5 2. Nc3 Nc6 3. e4 Nf6 4. d3 Bc5 5. g3 d6 6. h3 Be6 7. Nge2 0-0 8. Bg2 Qd7 9. Nd5 Ne8 10. Be3 Nd4 11. Qd2 Nxe2 12. Qxe2 Bxe3 13. Qxe3 c6 14. Nc3 Nc7 15. f4 f5 16. exf5 Bxf5 17. 0-0-0 exf4 18. gxf4 a5 19. Be4 d5 20. cxd5 cxd5 21. Bxf5 Rxf5 22. d4 Re8 23. Qf2 Ne6 24. Ne2 Qc7+ 25. Kb1 Nxf4 26. Nxf4 Qxf4 27. Qc2 Qe4 28. Rh2 b5 29. Kc1 Qxc2+ 30. Rxc2 Kf7 31. Rc5 Rb8 32. Re1 h5 33. Rc7+ Kg6 34. Rg1+ Kf6 35. Rcxg7 Rc8+ 36. Kb1 Rc4 37. R1g6# 1-0

[Event "Berlin op 08"]
[Site "Berlin"]
[Date "2005.08.27"]
[Round "1"]
[White "Tuefekci, Baris"]
[Black "Kazman, Caner"]
[Result "0-1"]
[WhiteElo "915"]
[BlackElo "1350"]
[PlyCount "104"]
[EventDate "2005.08.27"]
[EventType "swiss"]
[EventRounds "7"]
[EventCountry "GER"]
[SourceTitle "EXT 2007"]
[Source "ChessBase"]
[SourceDate "2006.11.23"]
[SourceVersion "1"]
[SourceVersionDate "2006.11.23"]
[SourceQuality "1"]

1. e4 e6 2. Nf3 d5 3. exd5 exd5 4. d4 c5 5. dxc5 Bxc5 6. Be3 Bxe3 7. fxe3 Nf6 8. Nc3 0-0 9. g3 Re8 10. Qd2 Bg4 11. Bg2 Bxf3 12. Bxf3 Nc6 13. 0-0-0 Qe7 14. Rhe1 Rad8 15. Nxd5 Nxd5 16. Bxd5 Nb4 17. e4 Nxa2+ 18. Kb1 Nb4 19. h4 Kh8 20. Qf4 Nxd5 21. exd5 Qf6 22. Rxe8+ Rxe8 23. Qxf6 gxf6 24. d6 Rd8 25. d7 Kg8 26. Re1 Rxd7 27. Re8+ Kg7 28. Ra8 a6 29. Re8 h5 30. Re1 Kg6 31. Kc1 Kf5 32. Rf1+ Kg4 33. Rg1 f5 34. Rf1 Kxg3 35. Rxf5 Kxh4 36. Rf1 Kg3 37. Rf5 h4 38. Rh5 h3 39. Rg5+ Kf4 40. Rg1 h2 41. Rh1 Kg3 42. Rxh2 Kxh2 43. Kb1 f5 44. Ka2 f4 45. Kb3 f3 46. Kc4 b6 47. Kb4 f2 48. Kb3 f1Q 49. Ka2 Qc4+ 50. b3 Qxc2+ 51. Ka3 Rd3 52. Ka4 Qxb3# 0-1

[Event "GER-ch U12"]
[Site "Willingen"]
[Date "2005.05.15"]
[Round "2"]
[White "Weissbeck, Simon"]
[Black "Kazman, Caner"]
[Result "1/2-1/2"]
[WhiteElo "1439"]
[BlackElo "1283"]
[PlyCount "141"]
[EventDate "2005.05.14"]
[EventType "swiss"]
[EventRounds "11"]
[EventCountry "GER"]
[SourceTitle "CBM 106 Extra"]
[Source "ChessBase"]
[SourceDate "2005.07.01"]
[SourceVersion "1"]
[SourceVersionDate "2005.07.01"]
[SourceQuality "1"]

1. e4 e5 2. Nf3 Nc6 3. Bb5 a6 4. Bxc6 dxc6 5. 0-0 Bg4 6. h3 h5 7. d3 Qf6 8. Nbd2 Ne7 9. b3 Ng6 10. Bb2 Bd6 11. d4 0-0-0 12. Qe2 Nf4 13. Qe3 Bxf3 14. Nxf3 Qg6 15. g3 exd4 16. Bxd4 h4 17. Ne5 Nxh3+ 18. Kg2 Bxe5 19. Bxe5 Ng5 20. f4 Qxe4+ 21. Qxe4 Nxe4 22. gxh4 Rxh4 23. Rfe1 Nd6 24. Rad1 f6 25. Bxd6 cxd6 26. Kg3 Rh5 27. Re7 Rc5 28. c4 g5 29. Re6 Rf5 30. fxg5 Rxg5+ 31. Kf4 Rg2 32. a3 Kc7 33. Kf3 Ra2 34. a4 Rb2 35. Rd3 Rb1 36. Kf2 Rb2+ 37. Kf3 Rh2 38. Rxf6 Rh3+ 39. Ke2 Re8+ 40. Kd2 Rxd3+ 41. Kxd3 Re7 42. Rf5 Rd7 43. Kd4 b6 44. Rg5 Rf7 45. Ke3 c5 46. Rh5 Rg7 47. Rh3 Rg1 48. Kd3 Rb1 49. Kc2 Re1 50. Kd2 Re6 51. Kd3 Kc6 52. Rh4 b5 53. cxb5+ axb5 54. axb5+ Kxb5 55. Rf4 d5 56. Rf5 Kc6 57. Rf4 Rd6 58. Ra4 Kb5 59. Rf4 d4 60. Re4 Kb4 61. Re5 Kb5 62. Rf5 Kc6 63. Rf3 Kd7 64. Kc4 Kc6 65. Rd3 Rd7 66. Rf3 Rd6 67. Rd3 Re6 68. b4 cxb4 69. Rxd4 Re5 70. Kxb4 Rb5+ 71. Kc3 1/2-1/2

[Event "Berlin-ch U12"]
[Site "Berlin"]
[Date "2005.01.27"]
[Round "7"]
[White "Penner, Markus"]
[Black "Kazman, Caner"]
[Result "0-1"]
[WhiteElo "1271"]
[BlackElo "1343"]
[PlyCount "120"]
[EventDate "2005.01.23"]
[EventType "tourn"]
[EventRounds "9"]
[EventCountry "GER"]
[SourceTitle "EXT 2007"]
[Source "ChessBase"]
[SourceDate "2006.11.23"]
[SourceVersion "1"]
[SourceVersionDate "2006.11.23"]
[SourceQuality "1"]

1. e4 e6 2. d4 d5 3. Nc3 Nf6 4. e5 Nfd7 5. Nf3 c5 6. Be2 Nc6 7. Be3 Qb6 8. Rb1 Be7 9. 0-0 0-0 10. Qd2 cxd4 11. Nxd4 Nxd4 12. Bxd4 Bc5 13. Na4 Qb4 14. Qxb4 Bxb4 15. Nc3 f6 16. f4 Bc5 17. Bxc5 Nxc5 18. Bg4 f5 19. Be2 Bd7 20. Rfd1 Rac8 21. Bd3 a6 22. a3 Rfe8 23. Kf2 Rf8 24. Ke3 Rcd8 25. Ne2 g6 26. g3 h6 27. c4 Ba4 28. Rdc1 Nxd3 29. Kxd3 dxc4+ 30. Kxc4 Bb5+ 31. Kb3 Bxe2 32. Rc7 Bf3 33. Rf1 Bd5+ 34. Kc2 Rc8 35. Rxc8 Rxc8+ 36. Kb1 Be4+ 37. Ka1 Rc2 38. h3 Bg2 39. Rd1 Rc7 40. Rd6 Kf7 41. h4 Bd5 42. b4 Ke7 43. Kb2 Rd7 44. Rxd7+ Kxd7 45. Kc3 Kc6 46. Kc2 Kb5 47. Kc1 h5 48. Kc2 b6 49. Kc3 Ka4 50. Kb2 Bb3 51. b5 axb5 52. Ka1 Kxa3 53. Kb1 b4 54. g4 hxg4 55. h5 g3 56. Kc1 g2 57. h6 g1Q+ 58. Kd2 Qf2+ 59. Kd3 Bc2+ 60. Kc4 Qc5# 0-1

[Event "Berlin-ch U12"]
[Site "Berlin"]
[Date "2005.01.24"]
[Round "2"]
[White "Chen, Roger"]
[Black "Kazman, Caner"]
[Result "0-1"]
[WhiteElo "1052"]
[BlackElo "1343"]
[PlyCount "80"]
[EventDate "2005.01.23"]
[EventType "tourn"]
[EventRounds "9"]
[EventCountry "GER"]
[SourceTitle "EXT 2007"]
[Source "ChessBase"]
[SourceDate "2006.11.23"]
[SourceVersion "1"]
[SourceVersionDate "2006.11.23"]
[SourceQuality "1"]

1. d4 d5 2. c4 c6 3. Nf3 Nf6 4. Nc3 Bg4 5. Qc2 e6 6. Bg5 Be7 7. h3 Bf5 8. Qb3 Qc7 9. e3 Nbd7 10. Bf4 Qb6 11. c5 Qxb3 12. axb3 0-0 13. Be2 b6 14. b4 a5 15. b5 cxb5 16. c6 b4 17. Nb5 Nb8 18. c7 Nc6 19. Rc1 Na7 20. Nxa7 e5 21. Bxe5 Rxa7 22. c8Q Rxc8 23. 0-0 Raa8 24. Bb5 Rxc1 25. Rxc1 Rc8 26. Rf1 h6 27. Ba6 Rc2 28. Rb1 Rxf2 29. Kxf2 Bxb1 30. g4 a4 31. Nd2 Ne4+ 32. Ke2 Nxd2 33. Kxd2 a3 34. bxa3 bxa3 35. Kc1 a2 36. Kb2 Bb4 37. Bc4 Bc3+ 38. Kb3 a1Q 39. Be2 Qb2+ 40. Ka4 Qb4# 0-1

[Event "Berlin-ch U12"]
[Site "Berlin"]
[Date "2005.01.24"]
[Round "3"]
[White "Kazman, Caner"]
[Black "Tscheuschner, Georg"]
[Result "1/2-1/2"]
[WhiteElo "1343"]
[BlackElo "1258"]
[PlyCount "128"]
[EventDate "2005.01.23"]
[EventType "tourn"]
[EventRounds "9"]
[EventCountry "GER"]
[SourceTitle "EXT 2007"]
[Source "ChessBase"]
[SourceDate "2006.11.23"]
[SourceVersion "1"]
[SourceVersionDate "2006.11.23"]
[SourceQuality "1"]

1. e4 c5 2. Bc4 a6 3. Nf3 b5 4. Be2 Nc6 5. d3 e6 6. Bf4 d6 7. Nbd2 Nf6 8. 0-0 Be7 9. c3 0-0 10. d4 Bb7 11. Qc2 cxd4 12. cxd4 Rc8 13. Qd1 Qd7 14. Rc1 Na7 15. e5 Nd5 16. Bg3 Nc6 17. Nb3 dxe5 18. Nxe5 Nxe5 19. dxe5 Rfd8 20. Bf3 Nb6 21. Qxd7 Rxd7 22. Rxc8+ Nxc8 23. Rc1 Nb6 24. Bxb7 Rxb7 25. Na5 Rd7 26. f3 h6 27. Bf2 Nc4 28. Nxc4 bxc4 29. g3 Rd2 30. Rxc4 Rxb2 31. Ra4 Rb1+ 32. Kg2 Rb2 33. Kf1 Rb1+ 34. Be1 a5 35. a3 Rb3 36. f4 Rxa3 37. Rxa3 Bxa3 38. Bxa5 Kf8 39. Ke2 Bc5 40. h3 Ke7 41. g4 f6 42. Bc3 f5 43. Kf3 g6 44. Be1 fxg4+ 45. Kxg4 Be3 46. Bg3 Kf7 47. Kf3 Bc1 48. Bf2 g5 49. Be3 Bxe3 50. Kxe3 Kg6 51. Ke4 gxf4 52. Kxf4 Kh5 53. Ke4 Kg5 54. Ke3 Kf5 55. Kd4 Kf4 56. Kd3 Kxe5 57. Ke3 h5 58. h4 Kf5 59. Kf3 e5 60. Ke3 e4 61. Kf2 Kf4 62. Ke2 e3 63. Ke1 Ke4 64. Ke2 Kd4 1/2-1/2

[Event "Berlin-ch U12"]
[Site "Berlin"]
[Date "2005.01.23"]
[Round "1"]
[White "Kazman, Caner"]
[Black "Bading, Kenneth"]
[Result "1-0"]
[WhiteElo "1343"]
[BlackElo "1107"]
[PlyCount "126"]
[EventDate "2005.01.23"]
[EventType "tourn"]
[EventRounds "9"]
[EventCountry "GER"]
[SourceTitle "EXT 2007"]
[Source "ChessBase"]
[SourceDate "2006.11.23"]
[SourceVersion "1"]
[SourceVersionDate "2006.11.23"]
[SourceQuality "1"]

1. d4 d5 2. c4 e6 3. Nc3 Nf6 4. Bg5 Be7 5. Nf3 Nbd7 6. e3 c6 7. Bd3 a6 8. Qc2 h6 9. Bf4 Nh5 10. Be5 Nxe5 11. Nxe5 Nf6 12. Bg6 0-0 13. Bd3 Bd7 14. 0-0 Bd6 15. Nxd7 Qxd7 16. Rfe1 Bb8 17. e4 dxe4 18. Nxe4 Qxd4 19. Rad1 Nxe4 20. Bxe4 Qf6 21. Re3 Rd8 22. Rxd8+ Qxd8 23. Rf3 f6 24. g3 Kh8 25. Rd3 Qe7 26. Qd1 Bc7 27. Rd7 Rd8 28. Rxd8+ Qxd8 29. Qb3 Qc8 30. c5 f5 31. Bf3 Kg8 32. Bh5 Kf8 33. Qf3 Qd8 34. Qe2 Qf6 35. Qd3 Qe7 36. b4 Qd8 37. Qc2 Qe7 38. a3 Qd8 39. Qe2 Qe7 40. a4 e5 41. Qf3 Qf6 42. Qd3 Qe6 43. f3 g6 44. Bxg6 Qxg6 45. Qd7 Qf7 46. Qc8+ Kg7 47. Qxb7 e4 48. fxe4 fxe4 49. Qxa6 Be5 50. Qe2 Bd4+ 51. Kg2 e3 52. Qg4+ Kh7 53. Qe4+ Kg8 54. Qc2 Qd5+ 55. Kf1 Qf3+ 56. Ke1 Qf2+ 57. Qxf2 exf2+ 58. Ke2 Kf7 59. a5 Be5 60. a6 Bb8 61. b5 cxb5 62. c6 b4 63. c7 Bxc7 1-0

[Event "GER-ch U10"]
[Site "Willingen"]
[Date "2004.06.04"]
[Round "10"]
[White "Ohnmacht, Simon"]
[Black "Kazman, Caner"]
[Result "1-0"]
[WhiteElo "1208"]
[BlackElo "1259"]
[PlyCount "101"]
[EventDate "2004.06.??"]
[EventType "swiss"]
[EventRounds "11"]
[EventCountry "GER"]
[SourceTitle "EXT 2005"]
[Source "ChessBase"]
[SourceDate "2004.11.15"]
[SourceVersion "1"]
[SourceVersionDate "2004.11.15"]
[SourceQuality "1"]

1. e4 e6 2. d4 d5 3. Nc3 Nf6 4. e5 Nfd7 5. Nce2 c5 6. c3 Nc6 7. f4 Qb6 8. Nf3 Be7 9. g3 f6 10. Bg2 0-0 11. 0-0 Qc7 12. Be3 b6 13. Bh3 f5 14. Qd3 a5 15. Rae1 Ba6 16. Qc2 Nd8 17. Kh1 cxd4 18. Nfxd4 Nc5 19. Bg2 Qd7 20. a3 Rc8 21. Rd1 Nc6 22. Rfe1 Qe8 23. b4 Nxd4 24. Nxd4 Ne4 25. Bxe4 fxe4 26. Nxe6 Rf7 27. Nd4 axb4 28. axb4 Bxb4 29. Bd2 Bc5 30. Be3 Rfc7 31. Rc1 Bd3 32. Qb3 Qh5 33. Qxd5+ Kh8 34. Qb3 Bxd4 35. Bxd4 Qf3+ 36. Kg1 h6 37. Re3 Qg4 38. Qxb6 Rc6 39. Qb2 h5 40. Kg2 h4 41. Qf2 R6c7 42. h3 Qg6 43. g4 Rd7 44. Qxh4+ Kg8 45. Ra1 Rb8 46. f5 Qc6 47. e6 Rdd8 48. Qe7 Rxd4 49. cxd4 Qc2+ 50. Kg3 Rb2 51. Ra8+ 1-0

[Event "GER-ch U10"]
[Site "Willingen"]
[Date "2004.06.02"]
[Round "8"]
[White "Braun, Georg"]
[Black "Kazman, Caner"]
[Result "0-1"]
[WhiteElo "1181"]
[BlackElo "1259"]
[PlyCount "74"]
[EventDate "2004.06.??"]
[EventType "swiss"]
[EventRounds "11"]
[EventCountry "GER"]
[SourceTitle "EXT 2005"]
[Source "ChessBase"]
[SourceDate "2004.11.15"]
[SourceVersion "1"]
[SourceVersionDate "2004.11.15"]
[SourceQuality "1"]

1. d4 Nf6 2. c4 g6 3. Nc3 Bg7 4. Nf3 0-0 5. Bf4 d6 6. e4 Nc6 7. Bd3 Nh5 8. Be3 Bg4 9. h3 Bxf3 10. Qxf3 Nxd4 11. Bxd4 Bxd4 12. Be2 c6 13. Qd3 Bg7 14. Bxh5 gxh5 15. 0-0 Qd7 16. Rfe1 Kh8 17. e5 Rg8 18. Re4 Qf5 19. e6 fxe6 20. Qe3 d5 21. Rf4 Qg6 22. Qf3 Be5 23. Rh4 Raf8 24. Rg4 hxg4 25. Qe3 Bd6 26. Qd4+ e5 27. Qxg4 Qf6 28. Qe2 Qe6 29. Qh5 Rf5 30. Qh4 Bc5 31. Rf1 Rfg5 32. g3 Rxg3+ 33. Kh2 Rg2+ 34. Kh1 Qg6 35. Qg4 Rxg4 36. hxg4 Qxg4 37. Rg1 Qh3# 0-1

[Event "GER-ch U10"]
[Site "Willingen"]
[Date "2004.06.02"]
[Round "7"]
[White "Kazman, Caner"]
[Black "Lindner, Robert"]
[Result "0-1"]
[WhiteElo "1259"]
[BlackElo "1274"]
[PlyCount "47"]
[EventDate "2004.06.??"]
[EventType "swiss"]
[EventRounds "11"]
[EventCountry "GER"]
[SourceTitle "EXT 2005"]
[Source "ChessBase"]
[SourceDate "2004.11.15"]
[SourceVersion "1"]
[SourceVersionDate "2004.11.15"]
[SourceQuality "1"]

1. e4 e6 2. d4 d5 3. Nc3 dxe4 4. Nxe4 Nd7 5. Bf4 Ngf6 6. Bd3 Nxe4 7. Bxe4 Nf6 8. Bd3 Bd6 9. Bd2 0-0 10. Qf3 e5 11. Bc3 Re8 12. dxe5 Bxe5 13. Bxe5 Rxe5+ 14. Ne2 Qd5 15. Qf4 Qxg2 16. Rg1 Qxg1+ 17. Kd2 Rxe2+ 18. Bxe2 Qxa1 19. Qxc7 Be6 20. Qxb7 Bd5 21. Qb4 Qh1 22. Qf4 Qe4 23. Qd6 Qd4+ 24. Kc1 0-1

[Event "Berlin-ch U10"]
[Site "Berlin"]
[Date "2004.02.01"]
[Round "1"]
[White "Tscheuschner, Georg"]
[Black "Kazman, Caner"]
[Result "0-1"]
[WhiteElo "948"]
[BlackElo "1062"]
[PlyCount "116"]
[EventDate "2004.04.??"]
[EventType "tourn"]
[EventRounds "9"]
[EventCountry "GER"]
[SourceTitle "EXT 2005"]
[Source "ChessBase"]
[SourceDate "2004.11.15"]
[SourceVersion "1"]
[SourceVersionDate "2004.11.15"]
[SourceQuality "1"]

1. d4 e6 2. Nf3 d5 3. e3 Nf6 4. Bd3 Bd6 5. Nbd2 Nc6 6. 0-0 0-0 7. e4 dxe4 8. Nxe4 Nxe4 9. Bxe4 e5 10. Bxh7+ Kh8 11. Nxe5 Bxe5 12. dxe5 Qxd1 13. Rxd1 Kxh7 14. Bf4 Bf5 15. c3 Rfe8 16. e6 Rxe6 17. Rd7 Re4 18. Rxf7 Rxf4 19. Rxc7 Rb8 20. Re1 Re4 21. Rd1 Re2 22. h3 Rxb2 23. Rd5 Be6 24. Rg5 Rg8 25. f4 Bxa2 26. f5 Kh6 27. Rg6+ Kh5 28. g4+ Kh4 29. Rd7 Rb1+ 30. Kf2 Bc4 31. Rd2 Kxh3 32. Ke3 Re1+ 33. Kf4 Re2 34. Rd1 Rf2+ 35. Ke3 Rf1 36. Rd2 Re8+ 37. Re6 Bxe6 38. fxe6 Rxe6+ 39. Kd3 Rd6+ 40. Kc2 Rxd2+ 41. Kxd2 Kxg4 42. Ke2 Rg1 43. Kf2 Rc1 44. Ke2 Rxc3 45. Kd2 Ra3 46. Kc2 g5 47. Kb2 Rf3 48. Kc2 Kf4 49. Kd2 g4 50. Ke2 g3 51. Kd2 g2 52. Kc2 g1Q 53. Kd2 Qf2+ 54. Kc1 Rc3+ 55. Kb1 Qe1+ 56. Kb2 Qd2+ 57. Kb1 Rb3+ 58. Ka1 Qb2# 0-1